Feminist English literature /

Podrobná bibliografie
Další autoři: Bhatnagar, M. K. (Manmohan Krishna), 1954-
Médium: Kniha
Jazyk:English
Vydáno: New Delhi : Atlantic Publishers and Distributors, 2003.
Témata:
Classic Catalogue: View this record in Classic Catalogue
LEADER 01178nam a2200253 a 4500
001 17420
003 BD-DhAAL
008 090722s2003 ii b 000 0 eng d
020 |a 8171568246 
040 |a BD-DhAAL  |c BD-DhAAL 
082 0 0 |a 820.9/352042  |2 21 
245 0 0 |a Feminist English literature /  |c edited by Manmohan K. Bhatnagar. 
260 |a New Delhi :  |b Atlantic Publishers and Distributors,  |c 2003. 
300 |a ix, 318 p. ;  |c 23 cm 
504 |a Includes bibliographical references. 
526 |a ENH  |x Professor Syed Manzoorul Islam Coordinator Department of English and Humanities BRAC University  
541 1 |e 00017420  |a Friends' Book Corner 
650 0 |a Indic literature (English)  |x History and criticism.  |9 58215 
650 0 |a Women in literature. 
700 1 |a Bhatnagar, M. K.  |q (Manmohan Krishna),  |d 1954-  |9 58216 
852 4 |a Ayesha Abed Library  |c General Stacks 
942 |2 ddc  |c BK 
999 |c 2720  |d 2720 
952 |0 0  |1 0  |2 ddc  |4 0  |6 820_935204200000000_FEM_2003  |7 0  |9 2499  |a BRACUL  |b BRACUL  |c GEN  |d 2009-07-23  |e Friends' Book Corner  |g 1190.00  |l 8  |m 36  |o 820.9352042 FEM  |p 3010017420  |r 2025-08-02  |s 2025-07-25  |t 1  |w 2009-07-23  |y BK  |x Requisitioned by Professor Syed Manzoorul Islam (Coordinator).